ARRUPE JESUIT UNIVERSITY

CORONAVIRUS -STOP THE SPREAD - CLEAN,DISINFECT,COVER

The Psalms (Record no. 44615)

MARC details
000 -LEADER
fixed length control field 00492nam a2200217Ia 4500
003 - CONTROL NUMBER IDENTIFIER
control field 0100
008 - FIXED-LENGTH DATA ELEMENTS--GENERAL INFORMATION
fixed length control field 130303s9999 xx 000 0 und d
040 ## - CATALOGING SOURCE
Transcribing agency ARRUPELIB
050 ## - LIBRARY OF CONGRESS CALL NUMBER
Classification number BS1430.W353
300 ## - PHYSICAL DESCRIPTION
Other physical details 23cm.
100 ## - MAIN ENTRY--PERSONAL NAME
Personal name Weiser, Arthur
245 #4 - TITLE STATEMENT
Title The Psalms
245 ## - TITLE STATEMENT
Remainder of title a commentary
260 ## - PUBLICATION, DISTRIBUTION, ETC. (IMPRINT)
Place of publication, distribution, etc Philadelphia
260 ## - PUBLICATION, DISTRIBUTION, ETC. (IMPRINT)
Name of publisher, distributor, etc Westminster Press
260 ## - PUBLICATION, DISTRIBUTION, ETC. (IMPRINT)
-- 1962
300 ## - PHYSICAL DESCRIPTION
Extent 841p.
650 ## - SUBJECT ADDED ENTRY--TOPICAL TERM
Topical term following geographic name as entry element Philosophy, Ancient - History
700 ## - ADDED ENTRY--PERSONAL NAME
Personal name Arthur Weiser
942 00 - ADDED ENTRY ELEMENTS (KOHA)
Koha issues (borrowed), all copies 2
Holdings
Withdrawn status Lost status Source of classification or shelving scheme Damaged status Not for loan Collection code Home library Current library Shelving location Date acquired Total Checkouts Full call number Barcode Date last seen Date checked out Copy number Price effective from Koha item type
    Library of Congress Classification     Main Collection ARRUPE LIBRARY ARRUPE LIBRARY   04/03/2013 2 BS1430.W353 46003018912 07/12/2016 01/12/2014 1 04/03/2013 Monograph ( Printed materials)

 

Arrupe Library. PO Box MP320 Mt Pleasant, Harare, Zimbabwe
263 242 745411|librarian@aju.ac.zw